| 000 | 00776nam a22001937a 4500 | ||
|---|---|---|---|
| 999 |
_c12963 _d12963 |
||
| 003 | AR-CdUCM | ||
| 008 | 190410b ||||| |||| 00| 0 spa d | ||
| 040 |
_aMUNICIPALIDAD PROVINCIAL DEL CUSCO _cBIBLIOTECA MUNICIPAL DEL CUSCO |
||
| 082 |
_a330.0212 / _bM79 |
||
| 100 |
_aMorgenstern, Oskar _931103 |
||
| 245 | _aSobre la exactitud de las observaciones económicas / | ||
| 260 |
_aMadrid : _bTecnos S.A., _c1970. |
||
| 300 |
_a272 paginas ; _c24 cm. |
||
| 505 | _aContenido :La exactitud y el error -- Los errores en las estadísticas económicas -- La exactitud de las observaciones económicas -- Las estadísticas de la renta nacional ... | ||
| 650 |
_aEconometría _96451 |
||
| 650 |
_aEstadística económica _931104 |
||
| 942 |
_2ddc _cLIBROS |
||
| 945 |
_arum _d2019-04-10 |
||